[Event "14. Torneo Club Ajedrez Villaverde"]
[Site "Madrid ESP"]
[Date "2011.04.12"]
[Round "6.16"]
[White "Al-Zarif, Bassam"]
[Black "Galan Aguado, Fernando"]
[Result "1/2-1/2"]
[WhiteElo "1715"]
[BlackElo "1831"]
[PlyCount "157"]
[EventDate "2011.04.04"]
[EventType "swiss"]
[EventRounds "8"]
[EventCountry "ESP"]
[Source "lmi"]
[SourceDate "2011.04.04"]

1. b3 Nf6 2. Bb2 e6 3. Nf3 d5 4. e3 Nbd7 5. Be2 Bd6 6. O-O O-O 7. c4 b6 8. d4
Bb7 9. Nbd2 Ne4 10. Rc1 f5 11. cxd5 exd5 12. Qc2 Rf6 13. Nxe4 fxe4 14. Ne5 Qe7
15. Nc6 Bxc6 16. Qxc6 Bxh2+ 17. Kxh2 Rxc6 18. Rxc6 Nf6 19. Rfc1 Ne8 20. Kg1 Rd8
21. Bg4 g6 22. R1c2 Rd6 23. Ba3 Rxc6 24. Bxe7 Rxc2 25. Be6+ Kg7 26. Bxd5 Nd6
27. a4 a5 28. g4 Rc3 29. Kg2 h6 30. Kg3 g5 31. Kg2 Ne8 32. Bc4 Nd6 33. Bd5 Ne8
34. Bc4 Nf6 35. Kg3 Rc1 36. Be6 Rc3 37. Bc4 c6 38. Bd8 Nd5 39. Bxd5 cxd5 40.
Bxb6 Rxb3 41. Bxa5 Ra3 42. Bc7 Rxa4 43. Be5+ Kg6 44. Kg2 Ra8 45. Kg3 Rf8 46.
Kg2 Rf3 47. Bg3 Rf7 48. Be5 h5 49. gxh5+ Kxh5 50. Bg3 Kg4 51. Be5 Rf3 52. Bd6
Kf5 53. Be5 Ke6 54. Bc7 Rf5 55. Bg3 Kd7 56. Kf1 Kc6 57. Ke2 Kb5 58. Be5 Rxe5
59. dxe5 Kc6 60. f3 Kd7 61. fxe4 dxe4 62. Kf2 Ke6 63. Kg3 Kxe5 64. Kg4 Kf6 65.
Kg3 Kf5 66. Kh3 Kf6 67. Kg3 Kg6 68. Kg4 Kh6 69. Kf5 Kh5 70. Kxe4 Kg4 71. Kd3
Kf3 72. e4 g4 73. e5 g3 74. e6 g2 75. e7 g1=Q 76. e8=Q Qb1+ 77. Kd4 Qb2+ 78.
Kc5 Qc3+ 79. Kd6 1/2-1/2

[Event "14. Torneo Club Ajedrez Villaverde"]
[Site "Madrid ESP"]
[Date "2011.04.12"]
[Round "6.17"]
[White "Ojosnegros Martin, Angel"]
[Black "Cerrato Gonzalez, Alvaro"]
[Result "0-1"]
[WhiteElo "1403"]
[BlackElo "1659"]
[PlyCount "109"]
[EventDate "2011.04.04"]
[EventType "swiss"]
[EventRounds "8"]
[EventCountry "ESP"]
[Source "lmi"]
[SourceDate "2011.04.04"]

1. e4 e5 2. Nf3 Nc6 3. Bb5 a6 4. Bxc6 dxc6 5. O-O Bd6 6. d4 Bg4 7. dxe5 Bxf3 8.
Qxf3 Bxe5 9. Nc3 Qe7 10. Rd1 Nf6 11. Bg5 O-O 12. Rd3 Rad8 13. Rad1 Rd6 14. Rxd6
cxd6 15. Rd3 b5 16. Qh5 Qe6 17. Bxf6 Qxf6 18. Rh3 h6 19. g4 Re8 20. Kg2 Re6 21.
Rf3 Qg6 22. Qxg6 Rxg6 23. Kh3 Re6 24. Nd1 Bf6 25. Re3 Bg5 26. Re2 d5 27. f3 d4
28. Kg3 c5 29. f4 Bd8 30. Nf2 c4 31. b3 a5 32. Rd2 Bb6 33. bxc4 bxc4 34. e5 Ba7
35. Ne4 c3 36. Rd1 Rb6 37. Nd6 Rb2 38. Nf5 Rxc2 39. Nxd4 Bxd4 40. Rxd4 Rxa2 41.
Rd8+ Kh7 42. Rc8 c2 43. Kf3 Rb2 44. Ke3 a4 45. Kd3 a3 46. Rxc2 a2 47. Rxb2 a1=Q
48. Rc2 Qd1+ 49. Rd2 Qxg4 50. Ke3 Qh3+ 51. Ke4 h5 52. f5 Qg4+ 53. Kd5 Qxf5 54.
Kd6 Qe6+ 55. Kc5 0-1